00452nam a2200121Ia 4500008004100000082001700041100001800058245007200076260003200148365000600180630007200186730007200258100415s9999 xx 000 0 und d b9793a595.78 aMoucha Josef aA Colour Guide to Familiar Butterflies Caterpillars and Chrysalides aLONDONc1973bOCTOPUS BOOKS b0 aA Colour Guide to Familiar Butterflies Caterpillars and Chrysalides aA Colour Guide to Familiar Butterflies Caterpillars and Chrysalides